| 000 | 00767nam a2200229 i 4500 | ||
|---|---|---|---|
| 003 | DO-SdBNP | ||
| 005 | 20250513102644.0 | ||
| 007 | ta | ||
| 008 | 250513b2011 dr ad||| |||| 00| 0 spa d | ||
| 040 |
_aDO-SdBNP _bspa _cBNPHU _erda |
||
| 082 | 4 |
_222 _axxx _bxxx |
|
| 245 | 0 | 0 |
_aDe la clínica a la ecocardiografía / _ceditor, Claudio Almonte Germán ; prólogo, Gustavo Restrepo Molina |
| 300 |
_a518 páginas : _bilustraciones ; _c27 cm. |
||
| 336 |
_atexto _btxt _2rdacontent |
||
| 337 |
_asin mediación _bn _2rdamedia |
||
| 338 |
_avolumen _bnc _2rdacarrier |
||
| 590 | _aInventariado, 2025/BT | ||
| 700 | 1 |
_aAlmonte Germán, Claudio, _eeditor _4ed. _918210 |
|
| 700 | 1 |
_aRestrepo Molina, Gustavo, _eprologuista _4pr. _987761 |
|
| 910 | _aBtavárez | ||
| 942 |
_2ddc _cLBS1 |
||
| 999 |
_c59023 _d59023 |
||